Los fundamentos de la técnica psicoanalítica /

Na minha lista:
Detalhes bibliográficos
Autor principal: Etchegoyen, R. Horacio (autor)
Formato: Livro
Idioma:espanhol
Publicado em: Buenos Aires, Argentina : Amorrortu, 2002, c2002
Edição:2a edición
Colecção:(Biblioteca de Psicología y Psicoanálisis Amorrortu)
Assuntos:
Tags: Adicionar Tag
Sem tags, seja o primeiro a adicionar uma tag!

MARC

LEADER 00000nam^a2200000^a^4500
001 000152703
005 20250521000000.0
009 20260310100255.255
020 |a 950-518-098-5 
037 |a Acervo ITESO - Biblioteca 
041 |a ESP 
082 |a 616. 8917  |b ETC 
100 |a Etchegoyen, R. Horacio  |e (autor) 
245 1 4 |a Los fundamentos de la técnica psicoanalítica /  |c R.H. Etchegoyen. 
250 |a 2a edición  |b revisada y aumentada 
264 4 |a Buenos Aires, Argentina :  |b Amorrortu,  |c 2002, c2002 
300 |a 901 p. 
336 |a texto  |b txt  |2 rdacontenido 
337 |a sin mediación  |b n  |2 rdamedio 
338 |a volumen  |b nc  |2 rdasoporte 
440 1 |a (Biblioteca de Psicología y Psicoanálisis Amorrortu) 
521 |a 2004 BO Maestría en Psicoterapia 
521 |a EEnlace Departamento de Psicología, Educación y Salud 2016 
649 |a XX 
650 |a Situación Analítica 
650 |a Criterios de Analizabilidad 
650 |a Regresión (Psicoanálisis) 
650 |a Encuadre y Contacto 
650 |a Interpretación Psicoanalítica 
650 |a Fin del Análisis 
650 |a Contratransferencia 
650 |a Transferencia (Psicoanálisis) 
650 |a Relación Analítica 
650 |a Papel del Analista 
650 |a Psicoanálisis -  |x Técnica -  |x Tema Principal 
650 |a Psicoanálisis -  |x Teoría 
650 |a Psicoanálisis 
650 |a Psicología 
910 |a Fondo General 
920 |a Impresos - Libros 
930 |a Colección General 
905 |a 101 
901 |a 0500081615  |b IT1  |c ACC  |u 20250521 
901 |a 0500109953  |b IT1  |c ACC  |u 20250521 
902 |a https://opac.biblio.iteso.mx/vufind/Record/000152703